Central Library and Information Centre
Sibsagar Girls' College, Sivasagar : Assam

AN INTRODUCTION TO PARALLEL PROGRAMMING (Record no. 22432)

MARC details
000 -LEADER
fixed length control field 00497cam a2200181ua 4500
008 - FIXED-LENGTH DATA ELEMENTS--GENERAL INFORMATION
fixed length control field 180306n |||gr||||Z||||||eng
040 ## - CATALOGING SOURCE
Original cataloging agency MAIN
041 ## - LANGUAGE CODE
-- English
082 ## - DEWEY DECIMAL CLASSIFICATION NUMBER
Classification number 005 PAC
100 ## - MAIN ENTRY--PERSONAL NAME
Personal name PACHECO, PETER S.,
Relator term AUTHOR.
245 1# - TITLE STATEMENT
Title AN INTRODUCTION TO PARALLEL PROGRAMMING
260 ## - PUBLICATION, DISTRIBUTION, ETC.
Place of publication, distribution, etc. USA:
Name of publisher, distributor, etc. MORGAN KAUFMAN PUBLICATION,
Date of publication, distribution, etc. 2014.
300 ## - PHYSICAL DESCRIPTION
Extent 370:
Dimensions 21CM+
Accompanying material HB.
500 ## - GENERAL NOTE
General note RUSA MDC GRANT 2014-2017
942 ## - ADDED ENTRY ELEMENTS (KOHA)
Koha item type Books
653 ## - INDEX TERM--UNCONTROLLED
Uncontrolled term Computer programming, programs & data
Holdings
Withdrawn status Lost status Damaged status Not for loan Collection code Home library Current library Shelving location Date acquired Full call number Barcode Date last seen Copy number Price effective from Koha item type
        REFHIS Central Library and Information Centre Sibsagar Girls College Central Library and Information Centre Sibsagar Girls College COMPUTER SC BOOK RACK 29.08.2017 005 PAC 34865 27.02.2020 1 27.02.2020 Books


Sibsagar Girl's College © 2020. All rights reserved.
Powered by Koha.
Maintained by Abhijit Borpuzari.